000 00325nam a22001337a 4500
008 171106b xxu||||| |||| 00| 0 eng d
020 _a9780471652434
041 _aeng
080 _28TH
_a330.722.6
100 _a62
101 _aKON
245 _aFINANCIAL ACCOUNTING THEORY AND ANALYSIS
_cSCHROEDER,R.G
942 _2udc
_cBK
999 _c37920
_d37920